Cẩm nang nuôi baba giống và baba thương phẩm
محفوظ في:
| المؤلف الرئيسي: | |
|---|---|
| التنسيق: | كتاب |
| اللغة: | Undetermined |
| منشور في: |
Thành phố Hồ Chí Minh
Nhà xuất bản Thành phố Hồ Chí Minh
2006
|
| الموضوعات: | |
| الوسوم: |
إضافة وسم
لا توجد وسوم, كن أول من يضع وسما على هذه التسجيلة!
|
| Thư viện lưu trữ: | Trung tâm Học liệu Trường Đại học Cần Thơ |
|---|
| LEADER | 00623nam a2200205Ia 4500 | ||
|---|---|---|---|
| 001 | CTU_55522 | ||
| 008 | 210402s9999 xx 000 0 und d | ||
| 020 | |b 10000 | ||
| 020 | |c 10000 | ||
| 082 | |a 639.392 | ||
| 082 | |b C125 | ||
| 100 | |a Tạ, Thành Cấu | ||
| 245 | 0 | |a Cẩm nang nuôi baba giống và baba thương phẩm | |
| 245 | 0 | |c Tạ Thành Cấu | |
| 260 | |a Thành phố Hồ Chí Minh | ||
| 260 | |b Nhà xuất bản Thành phố Hồ Chí Minh | ||
| 260 | |c 2006 | ||
| 650 | |a Turtle culture | ||
| 904 | |i Minh | ||
| 980 | |a Trung tâm Học liệu Trường Đại học Cần Thơ | ||